| 000 -LEADER | |
|---|---|
| fixed length control field | 00443nam a22001817a 4500 |
| 005 - DATE AND TIME OF LATEST TRANSACTION | |
| control field | 20210904120934.0 |
| 008 - FIXED-LENGTH DATA ELEMENTS--GENERAL INFORMATION | |
| fixed length control field | 200608b xxu||||| |||| 00| 0 eng d |
| 020 ## - INTERNATIONAL STANDARD BOOK NUMBER | |
| ISBN | 8187197897 |
| 041 ## - LANGUAGE CODE | |
| Language code of text/sound track or separate title | eng |
| 082 ## - DEWEY DECIMAL CLASSIFICATION NUMBER | |
| Classification number | 347 |
| 100 ## - MAIN ENTRY--AUTHOR NAME | |
| Personal name | SINGH, JUSTICE L.P AND MAJUMDAR , P.K. |
| 245 ## - TITLE STATEMENT | |
| Title | JUDICIAL DICTIONARY |
| 250 ## - EDITION STATEMENT | |
| Edition statement | 3rd. Ed. |
| 260 ## - PUBLICATION, DISTRIBUTION, ETC. (IMPRINT) | |
| Place of publication | DELHI |
| Name of publisher | ORIENT PUBLISHING COMPANY |
| 300 ## - PHYSICAL DESCRIPTION | |
| Number of Pages | 1599;p |
| 650 ## - SUBJECT ADDED ENTRY--TOPICAL TERM | |
| Topical Term | LAW |
| 942 ## - ADDED ENTRY ELEMENTS (KOHA) | |
| Koha item type | Books |
| Lost status | Damaged status | Collection code | Home library | Current library | Shelving location | Date acquired | Source of acquisition | Cost, normal purchase price | Full call number | Accession Number | Koha item type |
|---|---|---|---|---|---|---|---|---|---|---|---|
| Reference | JRU Library | JRU Library | SHELF-1-D | 20/06/2020 | PURCHESS | 1350.00 | 347 | 24929 | Books |